000
00291cam a2200109ua 4500
082
_a
032.
_b
GRA/EN
100
_a
Graham Brade, Birks S .
_9
1455
245
_a
Encyclopaedia of General Knowledge /
260
_a
London :
_b
English Universities Press ,
_c
1963.
300
_a
536 ; .
942
_c
REF
999
_c
7038
_d
7038